000 00504nam a22001817a 4500
003 SISC
005 20160215131236.0
008 130824t xxu||||| |||| 00| 0 eng d
020 _a0823914690
050 _aRA 777.25
_b.Sa65 1993
082 _aHS 646.70
_bSm65 1993
100 _aSmith, Sandra Lee
_913066
245 _aGreat grooming for girls /
_cSandra Lee Smith.
260 _aNew York :
_bRosen Publishing,
_c1993.
300 _a48 p. :
_bcol. ill.;
_c24 cm.
942 _2lcc
_cBK
999 _c9284
_d9284